000 00459nam a2200181Ia 4500
001 20521
005 20260306172812.0
008 260306t2021||||xx |||||||||||||| ||spa||
041 _aESP
082 _a343.335
_bT81
100 _aTribunal Constitucional
_eAUT
245 0 _aLas sentencias fundamentales del Tribunal Constitucional
260 _c2021
300 _a589 páginas :
_c25 cm.
650 _aGEN
654 _aCDE
942 _cLIB
_dJUS
_fJUS
_2ddc
_n
999 _c20521
_d20521